000 00298nam a2200121Ia 4500
008 190216s9999||||xx |||||||||||||| ||und||
100 _aVidwan P C S Nair
245 0 _aAbhijnana Sakunthalam
260 _bPoorna Pubs Kozhikode
_c1983
300 _a130p
650 _aMalayalam Nadakam
942 _cBK
999 _c26631
_d26631